| 000 | 00447nam a22001697a 4500 | ||
|---|---|---|---|
| 003 | NUST - PNEC | ||
| 005 | 20170116181147.0 | ||
| 008 | 151013b xxu||||| |||| 00| 0 eng d | ||
| 020 | _a0851124852 | ||
| 040 | _cLIBRARY | ||
| 082 | _a796.358 ALL | ||
| 100 |
_915122 _a Allen, David Rayvern |
||
| 245 |
_aThe Guinness book of cricket extras _c David Rayvern, Allen |
||
| 260 | _cC 1988 | ||
| 650 |
_915123 _aCricket _xGeneral |
||
| 942 |
_2ddc _cBK |
||
| 999 |
_c70775 _d70775 |
||